Escritos de Luis Buñuel / (Record no. 16505)

MARC details
000 -LEADER
campo de control de longitud fija 00851nam a2200253 i 4500
001 - NÚMERO DE CONTROL
campo de control 16505
003 - IDENTIFICADOR DE NÚMERO DE CONTROL
campo de control ES-MaACL
005 - FECHA Y HORA DE LA ÚLTIMA TRANSACCIÓN
campo de control 20250820121626.0
007 - CAMPO FIJO DE DESCRIPCIÓN FÍSICA--INFORMACIÓN GENERAL
campo de control de longitud fija t|
008 - DATOS DE LONGITUD FIJA--INFORMACIÓN GENERAL
campo de control de longitud fija 001013s2000 sp ||||1| spa d
020 ## - NÚMERO INTERNACIONAL ESTÁNDAR DEL LIBRO
Número Internacional Estándar del Libro 84-931243-0-3
080 ## - NÚMERO DE LA CLASIFICACIÓN DECIMAL UNIVERSAL
Número de la Clasificación Decimal Universal 821.134.2-82"19"
100 1# - ENTRADA PRINCIPAL--NOMBRE DE PERSONA
Nombre de persona Buñuel, Luis,
Fechas asociadas al nombre 1900-1983
9 (RLIN) 32559
245 10 - MENCIÓN DEL TÍTULO
Título Escritos de Luis Buñuel /
Mención de responsabilidad, etc. Luis Buñuel ; prólogo de Jean-Claude Carrière ; edición e introducción a cargo de Manuel López Villegas.
250 ## - MENCION DE EDICION
Mención de edición 2ª ed.
260 ## - PUBLICACIÓN, DISTRIBUCIÓN, ETC.
Lugar de publicación, distribución, etc. Madrid :
Nombre del editor, distribuidor, etc. Páginas de Espuma,
Fecha de publicación, distribución, etc. 2000.
300 ## - DESCRIPCIÓN FÍSICA
Extensión 288 p. :
Otras características físicas il. ;
Dimensiones 24 cm.
490 1# - MENCIÓN DE SERIE
Mención de serie Fundidos en negro ;
Designación de volumen o secuencia 1
700 1# - ENTRADA AGREGADA--NOMBRE PERSONAL
Nombre de persona Carrière, Jean-Claude.
9 (RLIN) 35743
700 1# - ENTRADA AGREGADA--NOMBRE PERSONAL
Nombre de persona López Villegas, Manuel,
Fechas asociadas al nombre 1970-
9 (RLIN) 165767
830 0# - PUNTO DE ACCESO ADICIONAL DE SERIE-TÍTULO UNIFORME
Título uniforme Fundidos en negro ;
Designación de volumen o secuencia 1
9 (RLIN) 186732
852 ## - LOCALIZACIÓN
Ubicación ES-MaACL
Número de control de estantería L-23630
Sublocalización o colección R.128853
Holdings
Estatus retirado Estado de pérdida Estado de daño No para préstamo Biblioteca de origen Biblioteca actual Ubicación en estantería Fecha de adquisición Fuente de adquisición Total de préstamos Signatura topográfica completa Código de barras Visto por última vez Precio de reemplazo Tipo de ítem Koha
        Biblioteca del Ateneo de Madrid Biblioteca del Ateneo de Madrid Depósito 2 17/01/2008     L-23630 1016767 23/02/2023 23/02/2023 Libro impreso